000 01195cam a2200349 a 4500
999 _c233083
_d233083
001 4795139
003 Nust
005 20170302094133.0
008 871202s1987 riuaf 000 1 eng
010 _a 87207352
020 _a9780340832240
040 _aDLC
_cDLC
_dDLC
_dOCoLC
050 0 0 _aPS3561.I483
_bD74 1987
082 0 0 _a813.54
_bKIN
100 1 _aKing, Stephen,
_d1947-
245 1 4 _aThe drawing of the three /
_cStephen King ; illustrated by Phil Hale.
250 _a1st ed.
260 _aWest Kingston, R.I. :
_bDonald M. Grant,
_c1987.
300 _a455 p. :
_c24 cm.
490 1 _aThe Dark tower ;
_v2
500 _aLC copy has dust jacket.
_5DLC
500 _aSource: Copyright deposit, Sept. 1, 1987.
_5DLC
650 0 _aRoland (Fictitious character : King)
_vFiction.
655 7 _aFantasy fiction.
_2gsafd
700 1 _aHale, Phil,
_eill.
800 1 _aKing, Stephen,
_d1947-
_tDark tower ;
_v2.
906 _a7
_bcbc
_corignew
_d2
_encip
_f19
_gy-gencatlg
942 _2ddc
_cBK